| 000 | 00571nam a22001697a 4500 | ||
|---|---|---|---|
| 003 | OSt | ||
| 005 | 20260114160649.0 | ||
| 008 | 260114b |||||||| |||| 00| 0 eng d | ||
| 040 | _cMRSPTU | ||
| 041 | _aENG | ||
| 100 | _aRattandeep Kaur, Supervisor: Dinesh Kumar | ||
| 245 | _aMultiple Input-Multiple Output Cognitive Radio User Selection with and without Primary Channel State Information | ||
| 260 |
_bDepartment of CSE, MRSPTU , Bathinda _c2017 |
||
| 650 | _aComputer Science | ||
| 856 | _uhttp://163.47.215.52:8080/jspui/handle/123456789/201 | ||
| 942 |
_2ddc _cTH _n0 |
||
| 999 |
_c10634 _d10634 |
||